000 00774nam a2200229 a 4500
001 BRCA_1492
005 20190320203442.0
008 070508s1984-------a---###---#000-0#eng-#
041 _aeng
_hscc
050 4 _aNK1035.Y8
_b.P36 1984
100 1 _aPantelic, Nikola
_94871
245 1 0 _aTraditional Arts and Crafts in Yugoslavia
_cNikola Pantelic ; photographs by Miodrag Djordjevic.
260 _aBelgrade
_bJugoslovenska Revija
_c1984
300 _a199 p.
_bil. (algunas a color)
_c30 cm.
500 _aIncluye índice alfabético
504 _aBibliografía : p. 194-196
650 1 4 _aArte popular
_zYugoslavia
_94872
650 1 4 _aArtesanías
_zYugoslavia
_94873
650 1 4 _aArtes decorativas
_zYugoslavia
_94874
700 1 _aDjordjevic, Miodrag
_94875
942 _2lcc
_cB
999 _c1353
_d1353